Scorpions: Albums by Cover - Statistics

General Stats
  • This quiz has been taken 16 times
  • The average score is 11 of 19
Answer Stats
Picture Hint Answer % Correct
1982 Blackout
93%
1984 Love at First Sting
86%
1980 Animal Magnetism
79%
1979 Lovedrive
79%
1972 Lonesome Crow
71%
1974 Fly to the Rainbow
64%
1976 Virgin Killer
64%
1990 Crazy World
57%
1993 Face the Heat
57%
2022 Rock Believer
57%
1988 Savage Amusement
57%
1977 Taken by Force
57%
2007 Humanity: Hour I
50%
1975 In Trance
50%
2010 Sting in the Tail
50%
1996 Pure Instinct
43%
2004 Unbreakable
43%
2015 Return to Forever
36%
1999 Eye II Eye
29%
No matching quizzes found
Score Distribution
Percent of People with Each Score
Percentile by Number Answered
Your Score History
You have not taken this quiz